Guess the lyrics (#35) - Statistics

General Stats
  • This quiz has been taken 289 times
  • The average score is 100 of 216
Answer Stats
Answer % Correct
a
96%
I
95%
the
92%
you
90%
an
87%
and
82%
me
78%
to
77%
do
76%
on
74%
He
73%
your
72%
be
71%
in
71%
In
71%
when
70%
is
68%
No,
68%
so
66%
then
65%
can
61%
of
57%
for
55%
Not
55%
not
55%
that
55%
It's
53%
its
53%
it's
53%
You're
53%
you're
53%
Time
51%
time
51%
all
49%
can't
47%
at
46%
But
46%
by
46%
see
46%
was
46%
just
44%
ever
42%
like
41%
up
41%
right
39%
I've
36%
left
36%
With
36%
with
36%
Again
35%
again
35%
down
35%
Let's
35%
had
34%
got
33%
never
33%
would
33%
jump
31%
Oh
31%
hands
30%
step
30%
Warp
30%
hips
29%
nothing
29%
nothing,
29%
out
29%
you're
27%
same
24%
those
24%
well
24%
Well
24%
into
22%
knees
22%
really
21%
under
21%
doing
20%
much
20%
think
20%
drives
18%
eyes
18%
gave
18%
insane
18%
took
18%
very
18%
pelvic
17%
takes
17%
free
16%
keep
16%
thrust
16%
bring
15%
mind
15%
tight
15%
bit
14%
fleeting
13%
guy
13%
remember
13%
toll
13%
astounding
12%
longer
12%
Madness
12%
street
12%
walking
12%
another
11%
control
11%
change
10%
listen
10%
slip
10%
surprise
10%
closely
9%
dimension,
9%
having
9%
calling
8%
devil's
8%
fantasy,
8%
felt
8%
moments
8%
pick-
8%
stared
8%
dreamy
7%
evil
7%
flip
7%
intention,
7%
meant
7%
truck
7%
wink
7%
hit
6%
sedation
6%
shook
6%
Drinking,
5%
secluded,
5%
snake
5%
voyeuristic
5%
blackness
4%
sensation
4%
spaced
4%
void
4%
No matching quizzes found
Score Distribution
Percent of People with Each Score
Percentile by Number Answered
Your Score History
You have not taken this quiz